000 01506nam a2200325 a 4500
003 CO-PeBPR
005 20260426110703.0
008 260415e2024 ck a|||| n||| 00| 0 spa c
020 _a9786289664713
040 0 _aCO-PeBPR
_bspa
_cCO-PeBPR
_erda
041 0 _hspa
082 0 4 _a(i) Co863 C112t
100 1 _aCaballero, Pedro
_eautor
245 1 0 _aEl Tití y el Mojojoy
_c/ Pedro Caballero ; ilustraciones de Manuela Correa ; asesoría de Carlos Rodríguez
250 _aEdición especial
264 1 _aBogotá, Colombia
_b: Ciencia Magnética
_c, 2024
300 _a31 páginas
_b: Ilustraciones a color
_c; 24 centímetros
336 _atexto
_btxt
_crdacontenido
337 _asin mediación
_bn
_2rdamedio
338 _avolumen
_bnc
_2rdasoporte
490 _aPlan Nacional de Lectura, Escritura y Oralidad / Ministerio de las Culturas, las Artes y los Saberes.
520 _aEn la reunión anual de animales de la selva hay un gran ausente. Se trata de Mojojoy. El mico Tití es comisionado para que averigüe por que su compañero no asistió. La búsqueda lo llevará a descubrir una verdad aún más preocupante: alguien está alterando el equilibrio que mantiene la vida en el bosque... Tomado de la contracubierta del libro.
521 _aRecomendado para 7 a 12 años.
650 1 4 _2LEMB
_aCuentos infantiles colombianos
650 1 4 _2LEMB
_aAnimales
650 1 4 _2LEMB
_aAmistad
700 1 _aRodríguez, Carlos
_easesor
700 1 _aCorrea, Manuela
_eilustradora
942 _2ddc
_cBKINF
999 _c17797
_d17797